000 00568nam a22002057a 4500
005 20260312113647.0
008 260312b |||||||| |||| 00| 0 eng d
037 _cDSWL
040 _aDSWL
_cDSWL
041 _heng
084 _aX:8 Q4
100 _aAshraf Ali, Mohammed
_91131799
245 _aOrganizational behaviour
260 _aNew Delhi,
_bRegal Publication,
_c2014
300 _a286p
365 _aINR
_b1480
700 _aAbdul Rahman
_9207515
942 _2CC
_cTEXL
_hX:8 Q4
_n0
999 _c1715196
_d1715196